000 00793cam a22002777a 4500
001 12744115
005 20180227033136.0
008 020417s2001 iauab 001 0 eng d
010 _a 2001130192
020 _a0897214633
035 _a(OCoLC)ocm47722458
040 _aABJ
_cABJ
_dVHB
_dDLC
041 _aeng
042 _alccopycat
080 _a690..8924 mic
082 0 0 _a690..8924 mic
_221
100 _a9
101 _amje
245 0 0 _aOrtho's all about greenhouses.
246 3 0 _aAll about greenhouses
246 3 0 _aGreenhouses
504 _aIncludes index.
906 _a7
_bcbc
_ccopycat
_d2
_encip
_f20
_gy-gencatlg
942 _2ddc
_cBK
999 _c43534
_d43534